LEADER 01011nam0-2200325---450- 001 990008328280403321 005 20060516093842.0 010 $a1-56518-141-7 035 $a000832828 035 $aFED01000832828 035 $a(Aleph)000832828FED01 035 $a000832828 100 $a20060516d2005----km-y0itay50------ba 101 0 $aeng 102 $aUS 105 $ay-------001yy 200 1 $aPolish axiology$ethe 20. century and beyond$fedited by Stanislaw Jedynak 210 $aWashington$cThe council for research in values and philosophy$d2005 215 $aV, 300 p.$d23 cm 225 1 $aCultural heritage and contemporary change$hSer. 4.A$iCentral and Eastern Europe$v25 610 0 $aValori$aPolonia$aSec. 20. 676 $a121.8$v21$zita 702 1$aJedynak,$bStanislaw 801 0$aIT$bUNINA$c20050515$gRICA$2UNIMARC 901 $aBK 912 $a990008328280403321 952 $aP.1 FG 1271$bBibl. 53618$fFLFBC 959 $aFLFBC 996 $aPolish axiology$9744189 997 $aUNINA LEADER 00959nam0-22002891i-450- 001 990002018360403321 005 20070220143656.0 035 $a000201836 035 $aFED01000201836 035 $a(Aleph)000201836FED01 035 $a000201836 100 $a20030910d1972----km-y0itay50------ba 101 0 $aeng 200 1 $a<>revised key to the adults of the British Species of Ephemeroptera with notes on their cology$fD. E. Kimmins 210 $aAmbleside$cFreshwater$d1972 215 $a74 p.$d22 cm 225 1 $aFreshwater Biological Association$eScientific Publication$v15 610 0 $aEfemerotteri 676 $a595.734 700 1$aKimmins,$bDouglas Eric$085445 801 0$aIT$bUNINA$gRICA$2UNIMARC 901 $aBK 912 $a990002018360403321 952 $a61 IV E.1A/06$b4702$fDAGEN 959 $aDAGEN 996 $aRevised key to the adults of the British Species of Ephemeroptera with notes on their cology$9405847 997 $aUNINA